INFORMAZIONI MCS, ANNO 05-N.12 (DICEMBRE 1962) (Record n. 118596)
[ formato base ]
| 000 -LEADER | |
|---|---|
| fixed length control field | 01056nas a2200265Ia 4500 |
| 001 - CONTROL NUMBER | |
| control field | R022/42871 |
| 003 - CONTROL NUMBER IDENTIFIER | |
| control field | IT-RoPAU |
| 008 - FIXED-LENGTH DATA ELEMENTS--GENERAL INFORMATION | |
| fixed length control field | 151124c99999999xx |||||||||||| ||und|| |
| 040 ## - CATALOGING SOURCE | |
| Original cataloging agency | IT-RoPAU |
| 040 ## - CATALOGING SOURCE | |
| Transcribing agency | IT-RoPAU |
| 041 ## - LANGUAGE CODE | |
| Language code of text/sound track or separate title | ITALIANO |
| 100 ## - MAIN ENTRY--PERSONAL NAME | |
| Personal name | AA.VV. |
| Miscellaneous information | Codice Aut. SPICS: 12000 |
| 210 ## - ABBREVIATED TITLE | |
| Abbreviated title | INFORMAZIONI MCS |
| 222 ## - KEY TITLE | |
| Key title | Informazioni Mcs |
| 245 ## - TITLE STATEMENT | |
| Title | INFORMAZIONI MCS, ANNO 05-N.12 (DICEMBRE 1962) |
| Remainder of title | Informazioni Mcs, Anno 05-N.12 (Dicembre 1962) |
| 250 ## - EDITION STATEMENT | |
| Edition statement | 1a ed. |
| 260 ## - PUBLICATION, DISTRIBUTION, ETC. (IMPRINT) | |
| Place of publication, distribution, etc. | VICENZA |
| Name of publisher, distributor, etc. | INFORMAZIONI MCS |
| Date of publication, distribution, etc. | 1962 |
| 300 ## - PHYSICAL DESCRIPTION | |
| Extent | 40 p. |
| 310 ## - CURRENT PUBLICATION FREQUENCY | |
| Current publication frequency | MENSILE |
| 362 ## - DATES OF PUBLICATION AND/OR SEQUENTIAL DESIGNATION | |
| Dates of publication and/or sequential designation | ANNO 005, N.12 (DICEMBRE 1962) |
| 501 ## - WITH NOTE | |
| -- | Paulus - SPICS - Società San Paolo EM (non-commercial uses only) |
| -- | Copyright2015 |
| 500 ## - GENERAL NOTE | |
| General note | Bollettino della Commissione Regionale Dello Spettacolo per le Diocesi Venete. Scopo di una Giornata Dello Spettacolo. Lettere dei Vescovi Sul Cinema. Comunicazioni dei Delegati Diocesani. Schede Film Ammessi Alla Programmazione Nelle Sale Cattoliche dell |
| 650 ## - SUBJECT ADDED ENTRY--TOPICAL TERM | |
| Topical term or geographic name as entry element | CINEMA |
| Form subdivision | PUBBLICAZIONE PERIODICA |
| 942 ## - ADDED ENTRY ELEMENTS (KOHA) | |
| Koha item type | RIVISTA |
| Withdrawn status | Lost status | Damaged status | Not for loan | Home library | Current library | Date acquired | Total Checkouts | Full call number | Date last seen | Price effective from | Koha item type | Public note |
|---|---|---|---|---|---|---|---|---|---|---|---|---|
| Buone Condizioni | Not For Loan | SPICS-MEDIATECA | SPICS-MEDIATECA | 25/11/2015 | R022/42871 | 25/11/2015 | 25/11/2015 | RIVISTA | Progr. Ins: 27720 / Copia rara: NO / date import: 25.11.2015 / By Epidotti, Trombetti, Vaglietti |